Central Library OPAC University of Rajshahi

The First Afghan War / (Record no. 25799)

MARC details
000 -LEADER
fixed length control field 01011nam a2200289 a 4500
001 - CONTROL NUMBER
control field 25799
003 - CONTROL NUMBER IDENTIFIER
rucl marc code BD-RjUL
005 - DATE AND TIME OF LATEST TRANSACTION
control field 20211209050929.0
008 - FIXED-LENGTH DATA ELEMENTS--GENERAL INFORMATION
fixed length control field 140319s1969 enkb b 001 0 eng d
020 ## - INTERNATIONAL STANDARD BOOK NUMBER
International Standard Book Number 0582112389
035 ## - SYSTEM CONTROL NUMBER
System control number (BD-RjUL)25869
040 ## - CATALOGING SOURCE
Original cataloging agency DLC
Language of cataloging eng
Transcribing agency DLC
Modifying agency DLC
-- BD-RjUL
-- LC
041 ## - LANGUAGE CODE
Language code of text/sound track or separate title eng
082 00 - DEWEY DECIMAL CLASSIFICATION NUMBER
Classification number 958.103
Author mark and year SAF 1969
100 1# - MAIN ENTRY--PERSONAL NAME
Personal name Sale, Florentia,
Dates associated with a name 1790-1853.
9 (RLIN) 79256
245 14 - TITLE STATEMENT
Title The First Afghan War /
Statement of responsibility, etc. [by Lady Sale; edited by Patrick Macrory.
260 ## - PUBLICATION, DISTRIBUTION, ETC. (IMPRINT)
Place of publication, distribution, etc. Harlow :
Name of publisher, distributor, etc. Longmans,
Date of publication, distribution, etc. 1969.
300 ## - PHYSICAL DESCRIPTION
Pagination xix, 186 p.
Illustrations maps, ;
Size 23 cm.
490 0# - SERIES STATEMENT
Series statement Military memoirs
504 ## - BIBLIOGRAPHY, ETC. NOTE
Bibliography, etc Bibliography: p. 180. and index.
650 #0 - SUBJECT ADDED ENTRY--TOPICAL TERM
Topical term or geographic name as entry element Afghan wars.
9 (RLIN) 79257
700 1# - ADDED ENTRY--PERSONAL NAME
Personal name Macrory, Patrick Arthur,
Dates associated with a name 1911-,
Relator term ed.
Personal name Brydon, William,
Dates associated with a name 1811-1873.
942 ## - ADDED ENTRY ELEMENTS (KOHA)
Source of classification or shelving scheme Dewey Decimal Classification
Koha item type Books
Holdings
Lost status Source of classification or shelving scheme Damaged status Not for loan Collection code Permanent Location Current Location Shelving location Date acquired Source of acquisition Cost, normal purchase price Total Checkouts Full call number Date last seen Copy number Koha item type Date checked out
  Dewey Decimal Classification     Non-fiction Central Library, University of Rajshahi Central Library, University of Rajshahi   24/12/1969 Zeit. 42.00   958.103 SAF 1969 19/03/2014 C-2 Books  
  Dewey Decimal Classification     Non-fiction Central Library, University of Rajshahi Central Library, University of Rajshahi   20/01/1970 Zeit. 42.00   958.103 SAF 1969 19/03/2014 C-3 Books  
  Dewey Decimal Classification     Non-fiction Central Library, University of Rajshahi Central Library, University of Rajshahi   13/07/1972 Book Center 16.20 2 958.103 SAF 1969 14/01/2018 C-4 Books 14/01/2018
  Dewey Decimal Classification   Not For Loan Non-fiction Central Library, University of Rajshahi Central Library, University of Rajshahi Reading Room 24/12/1969 Zeit 0.00   958.103 SAF 1969 08/02/2017 C-1 Books